| 000 | 00455nam a2200193Ia 4500 | ||
|---|---|---|---|
| 003 | OSt | ||
| 005 | 20260218151509.0 | ||
| 008 | 250729s2003 xx 000 0 und d | ||
| 040 | _cAL | ||
| 041 | _aeng | ||
| 082 | _a372.25 IGNT | ||
| 100 |
_aIGNOU _9229325 |
||
| 245 | _aTeacher and school:school activities | ||
| 260 |
_aNew Delhi _c2003 |
||
| 300 | _a76p | ||
| 650 |
_aEducation _9229326 |
||
| 700 |
_aRao Digumurthi _9229327 |
||
| 942 |
_2ddc _cBED |
||
| 999 |
_c238294 _d238294 |
||